000
00346nam a2200145Ia 4500
008
151213s9999 xx 000 0 und d
100
_a
G.K. Chesterton
245
_a
Chaucer
_c
G.K. Chesterton
260
_a
London
_b
Feber & Feber
300
_a
4509 p.
650
_a
Biography
650
_a
Reference
700
_a
G.K. Chesterton
999
_c
2884
_d
2884